[Event "Bydgoszcz Bank Pocztowy op"]
[Site "Bydgoszcz"]
[Date "2000.05.31"]
[Round "4"]
[White "Vysochin, Spartak"]
[Black "Takhirov, Viktor"]
[Result "1-0"]
[WhiteElo "2494"]
[BlackElo "2176"]
[PlyCount "49"]
[EventDate "2000.05.28"]
[EventType "swiss"]
[EventRounds "9"]
[EventCountry "POL"]
[SourceTitle "CBM 076 Extra"]
[Source "ChessBase"]
[SourceDate "2000.07.11"]
[SourceVersion "1"]
[SourceVersionDate "2000.07.11"]
[SourceQuality "1"]

1. e4 e5 2. Nf3 Nc6 3. d4 exd4 4. Nxd4 Nxd4 5. Qxd4 Ne7 6. Nc3 Nc6 7. Qe3 Nb4 8. Bd3 c6 9. 0-0 Nxd3 10. Qxd3 b5 11. e5 Be7 12. Qg3 Kf8 13. Ne4 h5 14. h3 h4 15. Qf4 Rh5 16. Re1 Kg8 17. Be3 Qf8 18. Rad1 a5 19. Bb6 a4 20. Bc7 b4 21. Bd6 Ra5 22. Qg4 Rhxe5 23. Nf6+ Bxf6 24. Bxf8 Kxf8 25. Qxb4+ 1-0

[Event "Petrov Memorial op"]
[Site "St Petersburg"]
[Date "2000.02.16"]
[Round "9"]
[White "Pakhomov, Alexey"]
[Black "Takhirov, Viktor"]
[Result "1-0"]
[WhiteElo "2298"]
[BlackElo "2176"]
[PlyCount "79"]
[EventDate "2000.02.05"]
[EventType "swiss"]
[EventRounds "9"]
[EventCountry "RUS"]
[SourceTitle "CBM 076"]
[Source "ChessBase"]
[SourceDate "2000.05.31"]
[SourceVersion "1"]
[SourceVersionDate "2000.05.31"]
[SourceQuality "1"]

1. d4 Nf6 2. c4 e6 3. Nc3 b6 4. e4 Bb7 5. Bd3 Bb4 6. f3 0-0 7. Nge2 d5 8. cxd5 exd5 9. e5 Nfd7 10. a3 Be7 11. 0-0 c5 12. f4 cxd4 13. Nxd4 Bc5 14. Be3 Nc6 15. Bc2 Nxd4 16. Bxd4 Re8 17. Qd3 Nf8 18. Rad1 Qe7 19. Kh1 Rad8 20. Ne2 f6 21. Rde1 fxe5 22. Bxe5 Bd6 23. Nd4 Bxe5 24. fxe5 g6 25. Ba4 Nd7 26. Qh3 Rf8 27. Bxd7 Rxd7 28. Rxf8+ Kxf8 29. Ne6+ Kg8 30. Rf1 Bc8 31. Qh6 Rd8 32. Nxd8 Qxd8 33. Qf4 Bf5 34. Rd1 Qd7 35. Qd4 Be6 36. h3 Kg7 37. Kh2 Qe7 38. Rf1 g5 39. Rf6 Kh8 40. Qb4 1-0

[Event "Petrov Memorial op"]
[Site "St Petersburg"]
[Date "2000.02.13"]
[Round "6"]
[White "Takhirov, Viktor"]
[Black "Biriukov, Oleg V"]
[Result "1/2-1/2"]
[WhiteElo "2176"]
[BlackElo "2384"]
[PlyCount "86"]
[EventDate "2000.02.05"]
[EventType "swiss"]
[EventRounds "9"]
[EventCountry "RUS"]
[SourceTitle "CBM 076"]
[Source "ChessBase"]
[SourceDate "2000.05.31"]
[SourceVersion "1"]
[SourceVersionDate "2000.05.31"]
[SourceQuality "1"]

1. e4 c5 2. Nf3 d6 3. Nc3 Nf6 4. d4 cxd4 5. Nxd4 a6 6. g3 e5 7. Nb3 Nbd7 8. Bg2 Be7 9. 0-0 b5 10. a4 b4 11. Na2 a5 12. c3 bxc3 13. Nxc3 0-0 14. Re1 Bb7 15. Be3 h6 16. h3 Nb8 17. Qc2 Na6 18. Rad1 Nb4 19. Qb1 Bc6 20. Nd2 Qc7 21. b3 d5 22. exd5 Nfxd5 23. Nxd5 Bxd5 24. Nc4 Bxg2 25. Kxg2 f5 26. Bb6 Qb7+ 27. Kh2 e4 28. Bxa5 Nd3 29. Rxd3 exd3 30. Qxd3 f4 31. g4 Bb4 32. Bxb4 Qxb4 33. Re4 Rab8 34. Nd2 Qc5 35. Qf3 Qd5 36. Nc4 Kh8 37. a5 Rbe8 38. Rxe8 Qxf3 39. Rxf8+ Kh7 40. Kg1 Qd1+ 41. Kg2 Qd5+ 42. f3 Qd3 43. Rxf4 Qe2+ 1/2-1/2

[Event "RUS-Cup"]
[Site "Minsk"]
[Date "2000.??.??"]
[Round "1"]
[White "Takhirov, Viktor"]
[Black "Azarov, Sergei Nikolaevich"]
[Result "0-1"]
[WhiteElo "2176"]
[BlackElo "2429"]
[PlyCount "49"]
[EventDate "2000.??.??"]
[EventType "swiss"]
[EventRounds "9"]
[EventCountry "BLR"]
[SourceTitle "EXT 2001"]
[Source "ChessBase"]
[SourceDate "2000.11.22"]
[SourceVersion "1"]
[SourceVersionDate "2000.11.22"]
[SourceQuality "1"]

1. e4 e5 2. c4 Bc5 3. Nc3 Nf6 4. d3 d6 5. h3 Nc6 6. Nf3 h6 7. Be2 0-0 8. Be3 Nd4 9. Qd2 c6 10. 0-0-0 b5 11. g4 Qa5 12. g5 hxg5 13. Bxg5 Nh7 14. Rdg1 bxc4 15. dxc4 Rb8 16. Bh6 g6 17. Bxf8 Qxc3+ 18. Qxc3 Nxe2+ 19. Kc2 Nxc3 20. Bxd6 Bxd6 21. Kxc3 Nf6 22. Ng5 Bc5 23. b3 Bd4+ 24. Kd3 c5 25. Rf1 0-1

[Event "RUS-Cup"]
[Site "Minsk"]
[Date "2000.??.??"]
[Round "3"]
[White "Takhirov, Viktor"]
[Black "Kiselev, Gennady Aleksandrov"]
[Result "0-1"]
[WhiteElo "2176"]
[BlackElo "2420"]
[PlyCount "44"]
[EventDate "2000.??.??"]
[EventType "swiss"]
[EventRounds "9"]
[EventCountry "BLR"]
[SourceTitle "EXT 2001"]
[Source "ChessBase"]
[SourceDate "2000.11.22"]
[SourceVersion "1"]
[SourceVersionDate "2000.11.22"]
[SourceQuality "1"]

1. e4 e5 2. c4 Nc6 3. Nc3 Bc5 4. d3 d6 5. h3 f5 6. Nf3 Nf6 7. Bg5 0-0 8. Qd2 Be6 9. Be2 a6 10. exf5 Bxf5 11. g4 Be6 12. Be3 Nd4 13. Ng5 Bd7 14. 0-0-0 Bb4 15. Rdg1 b5 16. Bd1 c5 17. h4 Rb8 18. h5 Qa5 19. Bb3 bxc4 20. dxc4 Bxc3 21. bxc3 Rxb3 22. Bxd4 Qa3+ 0-1

[Event "RUS-Cup"]
[Site "Minsk"]
[Date "2000.??.??"]
[Round "5"]
[White "Takhirov, Viktor"]
[Black "Korobov, Anton"]
[Result "0-1"]
[WhiteElo "2176"]
[BlackElo "2411"]
[PlyCount "45"]
[EventDate "2000.??.??"]
[EventType "swiss"]
[EventRounds "9"]
[EventCountry "BLR"]
[SourceTitle "EXT 2001"]
[Source "ChessBase"]
[SourceDate "2000.11.22"]
[SourceVersion "1"]
[SourceVersionDate "2000.11.22"]
[SourceQuality "1"]

1. Nf3 Nf6 2. c4 g6 3. Nc3 Bg7 4. e4 d6 5. Be2 0-0 6. 0-0 Nc6 7. d4 e5 8. d5 Ne7 9. Ne1 Nd7 10. Nd3 f5 11. Bd2 Nf6 12. f3 f4 13. g4 g5 14. Qb3 c5 15. Kf2 Ng6 16. Ke1 Nh4 17. h3 h5 18. Rg1 hxg4 19. hxg4 Nxg4 20. fxg4 f3 21. Bxf3 Nxf3+ 22. Ke2 Nxg1+ 23. Rxg1 0-1